000 00608 a2200193 4500
003 OSt
005 20180116182902.0
008 160513b xxu||||| |||| 00| 0 eng d
020 _a8171694810 (hardcover)
020 _a9788171694815 (hardcover)
040 _c0
082 _a658.4012 DHA 1997
100 _aDhawan, KS
245 0 0 _aManagement planning and policy making.
_cDhawan, KS
260 _a[S.l.] :
_bCommonwealth Publishers,
_c1997.
300 _a1 v. (unpaged)
856 4 0 _3Amazon.com
_uhttp://www.amazon.com/exec/obidos/ASIN/8171694810/chopaconline-20
942 _aNBS
_cBK
_k658.4012 DHA
_2ddc
999 _c347794
_d347794